000
00328nam a22001457a 4500
999
_c
2760
_d
2760
003
NUST
020
_a
9789380836270
038
_a
A
082
_a
302.23
100
_a
Parveen kumar
_9
31301
245
_a
Theory and practice of modern journalism
260
_a
New Delhi
_b
Centrum press
_c
2010.
300
_a
295p
942
_c
BK
_2
ddc